00787 a2200169 45000010006000000050017000060080041000230030015000640400040000790800031001192450042001502640044001923000019002365050323002550410008005781000031005864131720260407155707.0260407a1965 arg spa dAR-UNSa-BCEJYS aAR-UNSa-BCEJYSbspacAR-UNSa-BCEJYS a349.2xDerecho del Trabajo10aEl preaviso en el derecho del trabajo 1aBuenos Aires :bEdiciones Depalmac1965 a278 p.c24 cm. a1. Concepto y finalidades del preaviso - 2. Naturaleza jurídica del preaviso - 3. Plazos del preaviso - 4. Formas del preaviso - 5. Efectos del preaviso - 6. Consecuencias jurídicas de la falta de preaviso - 7. El preaviso en los despidos justos. En los despidos indirectos y en los contratos por plazo determinado aspa1 aRussomano, Mozart Víctor